Score 0/24 Timer 08:00
0 Plays Today
% Correct
Star Wars: Episode IV- A New Hope
94.3%
Slumdog Millionaire
93.3%
Braveheart
92.9%
Shrek
92.5%
Gladiator
92.4%
Goodfellas
92%
Terminator 2: Judgment Day
92%
The Breakfast Club
92%
Moby Dick
90.9%
Superman
89.6%
Field of Dreams
86.9%
X-Men
85.2%
% Correct
Stand By Me
84.9%
A Clockwork Orange
79.1%
To Kill a Mockingbird
77.9%
Gone Girl
75.3%
Stalag 17
74.7%
Watership Down
73.7%
King Kong
70.8%
The Lord of the Rings: The Fellowship of the Ring
70.2%
Dr. Strangelove
69.5%
The Wizard of Oz
65.3%
The Apartment
64.6%
Little Shop of Horrors
59.2%

You're not logged in!

Compare scores with friends on all Sporcle quizzes.
OR
Log In

Sporcle TV

Today on Sporcle TV


Watch our educational content, quiz creation guides, and fun videos on Sporcle TV.

Show Comments

Extras

Top Quizzes Today


Score Distribution

Paid Content

Your Account Isn't Verified!

In order to create a playlist on Sporcle, you need to verify the email address you used during registration. Go to your Sporcle Settings to finish the process.

Report this User

Report this user for behavior that violates our Community Guidelines.

Details: